[Event "BL 8485 Delmenhorst-München 36"]
[Site "?"]
[Date "1984.??.??"]
[Round "?.1"]
[White "Nikolac, J."]
[Black "Meyer, H."]
[Result "1/2-1/2"]
[WhiteElo "2450"]
[BlackElo "2245"]
[PlyCount "174"]
[EventDate "1984.??.??"]

1. c4 e6 2. Nf3 d5 3. b3 Nf6 4. Bb2 c5 5. cxd5 exd5 6. g3 Nc6 7. Bg2 Bd6 8. O-O
O-O 9. d4 Bg4 10. Ne5 Bh5 11. Nxc6 bxc6 12. dxc5 Bxc5 13. Nd2 Re8 14. Nf3 Ne4
15. Rc1 Qb6 16. Bd4 Bxd4 17. Qxd4 Bxf3 18. Qxb6 axb6 19. exf3 Nd2 20. Rfd1 Rxa2
21. Rxc6 Rd8 22. Rxb6 d4 23. b4 Kf8 24. b5 d3 25. Rc6 Rb2 26. f4 Nb3 27. Rc3 d2
28. Kf1 Nc1 29. Bc6 Ke7 30. Kg2 Kf6 31. h4 Ne2 32. Re3 Nd4 33. Re5 g6 34. h5
Rd6 35. Rc5 Re6 36. Kf1 gxh5 37. Rxh5 Ke7 38. Rc5 Nb3 39. Rd5 Rc2 40. Rd7+ Kf6
41. Bd5 Rc1 42. Bxb3 Re1+ 43. Kg2 Rexd1 44. Bxd1 Rxd1 45. Kf3 Rb1 46. Rxd2 Rxb5
47. Rd6+ Kg7 48. g4 Rb3+ 49. Ke4 Rb4+ 50. Kf3 Rb3+ 51. Ke4 Rb4+ 52. Ke5 Rb5+
53. Rd5 Rb2 54. f3 Re2+ 55. Kd4 Rd2+ 56. Ke4 Re2+ 57. Kd3 Re1 58. Rg5+ Kf6 59.
Rg8 Ra1 60. Ke3 Ra4 61. Rg5 Ra2 62. Rb5 Rg2 63. Rb6+ Kg7 64. g5 Rg1 65. Kf2 Ra1
66. Rh6 Ra5 67. Kg3 Rb5 68. Kg4 Rb4 69. Rd6 Ra4 70. Rf6 Rb4 71. Kg3 Rb5 72. Rc6
Ra5 73. Kg4 Ra4 74. Rc7 Rb4 75. Re7 Ra4 76. Rb7 Rc4 77. Rb6 Ra4 78. Rc6 Rb4 79.
Rf6 Ra4 80. Kg3 Ra5 81. f5 h6 82. Rxh6 Rxf5 83. Kg4 Ra5 84. Rd6 Ra1 85. f4 Rb1
86. Rh6 Rb4 87. Ra6 Rb1 {.../91/} 1/2-1/2

[Event "BL 8485 Delmenhorst-München 36"]
[Site "?"]
[Date "1984.??.??"]
[Round "?.2"]
[White "Hermann, Man"]
[Black "Bastian, H."]
[Result "1-0"]
[WhiteElo "2345"]
[BlackElo "2375"]
[PlyCount "95"]
[EventDate "1984.??.??"]

1. e4 c5 2. Nf3 Nf6 3. e5 Nd5 4. c3 Nc6 5. d4 cxd4 6. cxd4 d6 7. Bc4 Nb6 8. Bb5
dxe5 9. Nxe5 Bd7 10. Nc3 Nxe5 11. dxe5 Bxb5 12. Nxb5 Qxd1+ 13. Kxd1 Nd5 14. Bd2
a6 15. Nc3 Nxc3+ 16. Bxc3 e6 17. Ke2 Bc5 18. Rhd1 Ke7 19. Ba5 Rhc8 20. Rac1 b6
21. Bc3 Ke8 22. Rd3 Rd8 23. Rcd1 Rxd3 24. Rxd3 Rd8 25. Rh3 h6 26. f4 Rd5 27.
Rf3 Kd7 28. g4 Be7 29. a4 Kc6 30. b3 b5 31. axb5+ Rxb5 32. Bb2 Bc5 33. Rd3 a5
34. Bc1 Bb4 35. Be3 Rd5 36. h4 Rxd3 37. Kxd3 Kd5 38. h5 Be7 39. Bb6 Bb4 40. Bf2
Be7 41. Be1 Bd8 42. Bc3 f6 43. exf6 gxf6 44. Bd2 Bc7 45. g5 fxg5 46. fxg5 e5
47. g6 e4+ 48. Ke2 1-0

[Event "BL 8485 Delmenhorst-München 36"]
[Site "?"]
[Date "1984.??.??"]
[Round "?.4"]
[White "Juhnke, K."]
[Black "Zysk, R."]
[Result "0-1"]
[WhiteElo "2325"]
[BlackElo "2325"]
[PlyCount "70"]
[EventDate "1984.??.??"]

1. d4 Nf6 2. c4 e6 3. Nf3 b6 4. Nc3 Bb4 5. e3 Bb7 6. Bd3 Ne4 7. Qc2 Bxc3+ 8.
bxc3 f5 9. O-O O-O 10. Ne1 d6 11. f3 Nf6 12. e4 fxe4 13. fxe4 Nbd7 14. Nf3 e5
15. Bg5 Qe7 16. Rae1 h6 17. Bh4 g5 18. Bg3 c5 19. Qd2 Nh5 20. Bf2 Rf7 21. Qd1
Nf4 22. Bg3 Raf8 23. d5 Rg7 24. Bc2 h5 25. Ba4 Nf6 26. h4 Nh7 27. hxg5 Nxg5 28.
Nh4 Ngh3+ 29. Kh2 Rxg3 30. Kxg3 Qg5+ 31. Kh2 Nf2 32. Rxf2 Qxh4+ 33. Kg1 Nh3+
34. gxh3 Rxf2 35. Re3 Qf4 0-1

[Event "BL 8485 Delmenhorst-München 36"]
[Site "?"]
[Date "1984.??.??"]
[Round "?.6"]
[White "Tielemann, K."]
[Black "Krause, C."]
[Result "1-0"]
[WhiteElo "2285"]
[BlackElo "2240"]
[PlyCount "153"]
[EventDate "1984.??.??"]

1. d4 Nf6 2. Nf3 g6 3. Bf4 Bg7 4. e3 d6 5. h3 O-O 6. Be2 c5 7. c3 Bd7 8. Nbd2
cxd4 9. exd4 Nc6 10. O-O Re8 11. Nc4 Nd5 12. Bg5 Qc7 13. Qd2 Nf6 14. Bh6 Bh8
15. Ng5 d5 16. Ne3 e6 17. h4 Ne7 18. h5 Nf5 19. Nxf5 exf5 20. hxg6 hxg6 21. Nf3
Ng4 22. Bf4 Qb6 23. Rfe1 Bf6 24. Bf1 Bb5 25. Bxb5 Qxb5 26. Ne5 Nxe5 27. Bxe5
Qc6 28. Re2 Kg7 29. Rae1 Re6 30. Bxf6+ Rxf6 31. Qf4 Re6 32. Rxe6 fxe6 33. Qe5+
Kf7 34. Re3 Rg8 35. Rh3 Rg7 36. Rh8 Qd7 37. Qb8 g5 38. Qxa7 Rg8 39. Rh7+ Rg7
40. Rh6 Rg6 41. Rh5 Rg7 42. Qb8 f4 43. Qh8 Qa4 44. Rh7 Qd1+ 45. Kh2 Rxh7+ 46.
Qxh7+ Kf6 47. Qh6+ Kf5 48. f3 Qe1 49. Qh3+ Kf6 50. Qg4 Qf2 51. Qh3 Qe1 52. a4
b6 53. Qh8+ Kf5 54. Qe5+ Qxe5 55. dxe5 Kxe5 56. Kh3 Kf6 57. b4 e5 58. a5 bxa5
59. bxa5 d4 60. cxd4 exd4 61. a6 d3 62. a7 d2 63. a8=Q d1=Q 64. Qf8+ Kg6 65.
Qg8+ Kf6 66. Kg4 Qd7+ 67. Kh5 Qf5 68. Qf8+ Ke6 69. Qh6+ Kd7 70. Qxg5 Qh7+ 71.
Kg4 Qh2 72. Kf5 Kc6 73. Ke4 Kb6 74. Qf6+ Kb7 75. Qf7+ Kb6 76. Qe6+ Kc7 77. Qh3
1-0

[Event "BL 8485 Delmenhorst-München 36"]
[Site "?"]
[Date "1984.??.??"]
[Round "?.8"]
[White "Ditt, E."]
[Black "Enigl, K."]
[Result "1/2-1/2"]
[WhiteElo "2300"]
[BlackElo "2230"]
[PlyCount "170"]
[EventDate "1984.??.??"]

1. g3 Nf6 2. Bg2 d5 3. f4 g6 4. Nf3 Bg7 5. O-O O-O 6. d3 c6 7. c3 Bg4 8. Ne5
Be6 9. Nd2 Nfd7 10. Nef3 Nf6 11. h3 Qc7 12. Nb3 Na6 13. Be3 Rfd8 14. Qe1 Ne8
15. Qf2 b6 16. Nfd4 Bd7 17. f5 Nd6 18. fxg6 fxg6 19. g4 Rf8 20. Qg3 Nf7 21. Qh4
Bf6 22. Qe1 Qd6 23. Bf4 e5 24. Bg3 Qe7 25. Nc2 Nc7 26. e4 Rad8 27. a4 Be6 28.
Nd2 Rd7 29. a5 Bg7 30. axb6 axb6 31. Kh2 d4 32. c4 Ne8 33. Ra6 Rb7 34. Nf3 Nc7
35. Ra1 Ra8 36. Qb4 Qxb4 37. Nxb4 Rxa1 38. Rxa1 Bd7 39. Nc2 Kf8 40. b4 Ke8 41.
Nd2 Kd8 42. Nb3 Be6 43. Bf3 Rb8 44. Bh4+ Kc8 45. Kg2 Ra8 46. Kf2 Rxa1 47. Nbxa1
Kb7 48. Nb3 Kc8 49. Bd1 Kd7 50. Nd2 Kc8 51. Nf3 Kd7 52. Bg3 b5 53. c5 Na6 54.
Ke2 Bb3 55. Be1 Bh6 56. Na1 Bxd1+ 57. Kxd1 Bf4 58. Nb3 Ng5 59. Nxg5 Bxg5 60.
Na5 Bd8 61. Nb3 Ke6 62. Nc1 Bg5 63. Nb3 Bd8 64. Bd2 Bc7 65. Nc1 Bd8 66. Ne2 Be7
67. Ng1 Nb8 68. Nf3 Nd7 69. Bh6 Kf7 70. Ke2 Bf6 71. h4 Be7 72. h5 Bf6 73. Bd2
Be7 74. Be1 Bf6 75. Bg3 Ke6 76. Be1 Be7 77. Bd2 Bf6 78. Kf2 Be7 79. Kg3 Bf6 80.
Ng5+ Bxg5 81. Bxg5 Nb8 82. hxg6 hxg6 83. Kh4 Na6 84. Bd2 Kf6 85. Be1 Nb8
1/2-1/2

[Event "BL 8485 HSK-Bayern"]
[Site "?"]
[Date "1984.??.??"]
[Round "?.2"]
[White "Reefschlaeger, H."]
[Black "Kindermann, S."]
[Result "1/2-1/2"]
[WhiteElo "2425"]
[BlackElo "2490"]
[PlyCount "39"]
[EventDate "1984.??.??"]

1. d4 Nf6 2. c4 e6 3. g3 c5 4. d5 exd5 5. cxd5 d6 6. Nc3 g6 7. Bg2 Bg7 8. Nf3
O-O 9. O-O a6 10. a4 Nbd7 11. Nd2 Nh5 12. Nce4 Ndf6 13. Nxf6+ Qxf6 14. Nc4 Rb8
15. Nb6 Qd8 16. Qb3 Re8 17. Re1 Nf6 18. Bf4 Nh5 19. Bd2 Nf6 20. Bf4 1/2-1/2

[Event "BL 8485 HSK-Bayern"]
[Site "?"]
[Date "1984.??.??"]
[Round "?.3"]
[White "Hecht, H."]
[Black "Behrhorst, F."]
[Result "1-0"]
[WhiteElo "2450"]
[BlackElo "2285"]
[PlyCount "57"]
[EventDate "1984.??.??"]

1. c4 c5 2. Nc3 Nf6 3. e4 Nc6 4. Nf3 g6 5. d4 cxd4 6. Nxd4 d6 7. Be2 Bg7 8. Be3
O-O 9. O-O Bd7 10. Nc2 a6 11. f3 Rb8 12. Qd2 Ne5 13. a4 Rc8 14. b3 Nc6 15. Rab1
Qc7 16. Nd5 Nxd5 17. exd5 Ne5 18. Nd4 b6 19. f4 Ng4 20. Bxg4 Bxg4 21. f5 Bxd4
22. Bxd4 f6 23. fxg6 hxg6 24. Qh6 Bf5 25. Rxf5 gxf5 26. Qg6+ Kh8 27. Rf1 e5 28.
dxe6 Qg7 29. Qxf5 1-0

[Event "BL 8485 HSK-Bayern"]
[Site "?"]
[Date "1984.??.??"]
[Round "?.4"]
[White "Gruenberg, Ra"]
[Black "Bischoff, K."]
[Result "1/2-1/2"]
[WhiteElo "2255"]
[BlackElo "2375"]
[PlyCount "50"]
[EventDate "1984.??.??"]

1. d4 d5 2. c4 dxc4 3. e3 Nf6 4. Nc3 e6 5. Bxc4 a6 6. a4 Be7 7. Nf3 O-O 8. O-O
c5 9. Qe2 cxd4 10. exd4 Nc6 11. Rd1 Nb4 12. Ne5 Nfd5 13. Bb3 Bd7 14. Bd2 Bc6
15. Rac1 a5 16. Ne4 Rc8 17. Nc5 Qd6 18. Nc4 Qd8 19. Nxa5 Qxa5 20. Bxd5 Bxd5 21.
Qe1 Bxc5 22. dxc5 Qxa4 23. Bxb4 Qc6 24. f3 Ra8 25. Qe3 f6 1/2-1/2

[Event "BL 8485 HSK-Bayern"]
[Site "?"]
[Date "1984.??.??"]
[Round "?.5"]
[White "Calvo Minguez, R."]
[Black "Hess, C."]
[Result "1-0"]
[WhiteElo "2410"]
[BlackElo "2260"]
[PlyCount "103"]
[EventDate "1984.??.??"]

1. e4 c5 2. Nf3 d6 3. d4 cxd4 4. Nxd4 Nf6 5. Nc3 a6 6. g3 e5 7. Nde2 Nbd7 8. a4
b6 9. Bg2 Bb7 10. O-O Be7 11. Nd5 Nxd5 12. exd5 b5 13. a5 O-O 14. Be3 Rc8 15.
b3 Bg5 16. f4 exf4 17. gxf4 Bf6 18. Ra2 Re8 19. Bf2 Nc5 20. c4 bxc4 21. bxc4
Ne4 22. Bb6 Qe7 23. Rc2 Nc5 24. Rf3 Rb8 25. Ng3 Qe1+ 26. Rf1 Qxd1 27. Rxd1 Bc8
28. Bf3 Bd7 29. Re2 Rxe2 30. Bxe2 Ba4 31. Rf1 Re8 32. Bc7 Ne4 33. Nxe4 Rxe4 34.
Bd3 Rd4 35. Rf3 Bb3 36. Re3 g6 37. Bxd6 Kg7 38. Re8 h5 39. Bf8+ Kh7 40. Be2
Bxc4 41. Bxc4 Rxc4 42. d6 Rxf4 43. Be7 Bxe7 44. Rxe7 Rd4 45. Rxf7+ Kg8 46. Rd7
Kf8 47. Kf2 Ke8 48. Re7+ Kd8 49. Re6 Kd7 50. Rxg6 Rxd6 51. Rxd6+ Kxd6 52. Kg3
1-0

[Event "BL 8485 HSK-Bayern"]
[Site "?"]
[Date "1984.??.??"]
[Round "?.6"]
[White "Wegner, H."]
[Black "Klundt, K."]
[Result "0-1"]
[WhiteElo "2245"]
[BlackElo "2340"]
[PlyCount "58"]
[EventDate "1984.??.??"]

1. d4 Nf6 2. c4 g6 3. Nc3 Bg7 4. e4 d6 5. Nf3 O-O 6. Be2 e5 7. Be3 Ng4 8. Bg5
f6 9. Bh4 Nd7 10. d5 Nh6 11. Nd2 a5 12. f3 Nf7 13. Rb1 Bh6 14. Nf1 Nc5 15. Bf2
f5 16. Ng3 Bd7 17. exf5 gxf5 18. O-O Kh8 19. Qc2 Qg5 20. Rfe1 Rg8 21. Bf1 Rg6
22. Be3 f4 23. Nge4 Nxe4 24. Nxe4 Qh5 25. Bc1 Rag8 26. Qf2 Ng5 27. Nxg5 Bxg5
28. Re4 Bh4 29. Qe2 Bg3 0-1

[Event "BL 8485 HSK-Bayern"]
[Site "?"]
[Date "1984.??.??"]
[Round "?.7"]
[White "Hickl, J."]
[Black "Cordes, H."]
[Result "1-0"]
[WhiteElo "2275"]
[BlackElo "2275"]
[PlyCount "155"]
[EventDate "1984.??.??"]

1. c4 Nf6 2. g3 e6 3. Nf3 d5 4. Bg2 Be7 5. O-O O-O 6. b3 c5 7. Bb2 Nc6 8. e3 b6
9. Qe2 Bb7 10. d3 Qc7 11. Nc3 Rfd8 12. Rfd1 a6 13. cxd5 Nxd5 14. Rac1 Nxc3 15.
Bxc3 Rd7 16. d4 Rad8 17. dxc5 Bxc5 18. Ng5 h6 19. Ne4 Bf8 20. Rxd7 Qxd7 21. Qg4
Kh7 22. Bf6 Ne7 23. Qh5 Kg8 24. Qg4 Kh8 25. Bxe7 Bxe7 26. Qe2 Qd5 27. Bf3 Qd7
28. Rc2 Bb4 29. Rc4 Qe7 30. Rc1 e5 31. g4 g6 32. Rd1 Kg7 33. Rxd8 Qxd8 34. Ng3
Bc8 35. Qc4 a5 36. Bd5 Bxg4 37. Qxg4 Qxd5 38. Nh5+ Kf8 39. Qc8+ Ke7 40. Qc7+
Kf8 41. Qc8+ Ke7 42. Qc7+ Ke6 43. Qc8+ Qd7 44. Qc4+ Ke7 45. Ng3 Qe6 46. Qh4+ g5
47. Qe4 Kf6 48. Qh7 Bf8 49. Qe4 Ke7 50. Kg2 Kf6 51. Nh5+ Ke7 52. Qb7+ Kd8 53.
Qb8+ Ke7 54. Qc7+ Ke8 55. e4 Qg4+ 56. Ng3 Bc5 57. Qxe5+ Qe6 58. Qb8+ Kd7 59.
Qb7+ Kd8 60. Nf5 h5 61. h3 g4 62. hxg4 hxg4 63. Qb8+ Kd7 64. Qf4 Qg6 65. Nh6
Ke6 66. Nxg4 f6 67. Kf3 Bd6 68. Qc1 Qh5 69. Qc8+ Ke7 70. Ke3 Bc5+ 71. Ke2 Qg5
72. Qc7+ Ke6 73. f3 Qh4 74. Qd8 Qg5 75. e5 Bg1 76. Qe8+ Kd5 77. Qb5+ Bc5 78.
Qd7+ 1-0

[Event "BL 8485 HSK-Bayern"]
[Site "?"]
[Date "1984.??.??"]
[Round "?.8"]
[White "Zieher, H."]
[Black "Schubert, C."]
[Result "0-1"]
[WhiteElo "2235"]
[BlackElo "2260"]
[PlyCount "120"]
[EventDate "1984.??.??"]

1. e4 c5 2. Nf3 e6 3. d4 cxd4 4. Nxd4 Nf6 5. Nc3 d6 6. f4 Nc6 7. Be3 Be7 8. Nb3
O-O 9. Qf3 e5 10. f5 a5 11. a4 Nb4 12. O-O-O Bd7 13. g4 Rc8 14. Rd2 Bc6 15. Kb1
Qe8 16. g5 Nxe4 17. Nxe4 Bxe4 18. Qxe4 Qxa4 19. Nc1 d5 20. b3 Qc6 21. Qg2 d4
22. Qxc6 Rxc6 23. Bg1 Bxg5 24. Rg2 Bxc1 25. Kxc1 Rfc8 26. Bc4 b5 27. Bxb5 Rxc2+
28. Rxc2 Rxc2+ 29. Kb1 Rd2 30. Kc1 Rg2 31. Bc4 d3 32. Kd1 Ra2 33. h4 e4 34. Bd4
Nc2 35. b4 Ra4 36. Bb3 Rxb4 37. Bxc2 dxc2+ 38. Kxc2 Rxd4 39. Rb1 h6 40. Rb8+
Kh7 41. Rb7 f6 42. Ra7 a4 43. Kc3 Rd3+ 44. Kc4 Rh3 45. Rxa4 Rxh4 46. Ra5 Rg4
47. Kd4 h5 48. Ra8 h4 49. Ke3 Rg5 50. Kxe4 Rg4+ 51. Kf3 Rg3+ 52. Kf4 Rg2 53.
Ra3 Kh6 54. Ra8 Kh7 55. Ra7 h3 56. Ra3 h2 57. Rh3+ Kg8 58. Kf3 Ra2 59. Rh5 Ra5
60. Kg2 g5 0-1

[Event "BL 8485 Erlangen-Solingen"]
[Site "?"]
[Date "1984.??.??"]
[Round "?.4"]
[White "Tischer, G."]
[Black "Lau, R."]
[Result "1/2-1/2"]
[WhiteElo "2335"]
[BlackElo "2400"]
[PlyCount "48"]
[EventDate "1984.??.??"]

1. c4 e6 2. Nf3 Nf6 3. g3 a6 4. Bg2 b5 5. b3 Bb7 6. O-O Be7 7. Bb2 c5 8. d3 d6
9. Nbd2 Nbd7 10. e3 O-O 11. Qe2 Rb8 12. Rfd1 Re8 13. Bc3 Qc7 14. Rac1 Bc6 15.
d4 Qb7 16. Ne1 Rec8 17. Bxc6 Rxc6 18. dxc5 Nxc5 19. Nef3 Rcc8 20. Bb2 bxc4 21.
Rxc4 d5 22. Rc2 Ncd7 23. Rdc1 Rxc2 24. Rxc2 Rc8 1/2-1/2

[Event "BL 8485 Erlangen-Solingen"]
[Site "?"]
[Date "1984.??.??"]
[Round "?.6"]
[White "Strobel, W."]
[Black "Dueball, J."]
[Result "0-1"]
[WhiteElo "2275"]
[BlackElo "2445"]
[PlyCount "100"]
[EventDate "1984.??.??"]

1. e4 c5 2. Nc3 Nc6 3. g3 g6 4. Bg2 Bg7 5. d3 d6 6. Be3 Nd4 7. f4 e6 8. Nf3 Ne7
9. h4 h5 10. O-O e5 11. Ne2 Nxf3+ 12. Bxf3 exf4 13. Nxf4 Bxb2 14. Rb1 Be5 15.
Qd2 Rb8 16. Qf2 O-O 17. Qe2 Be6 18. c4 Qd7 19. Kh2 Bg4 20. Ng2 Nc6 21. Bh6 Nd4
22. Bxg4 hxg4 23. Qe3 Bg7 24. Bxg7 Kxg7 25. Nf4 Rh8 26. Nd5 Nf3+ 27. Kg2 Qe6
28. Rf2 b6 29. Rbf1 Rbf8 30. Qc1 Qe5 31. Ne3 f5 32. exf5 gxf5 33. Nd5 Rxh4 34.
Rxf3 gxf3+ 35. Kxf3 Rg4 36. Nf4 Re8 37. Qd2 Kf7 38. Rh1 Reg8 39. Rg1 Qd4 40.
Rg2 Rh8 41. Ne2 Qa1 42. Rg1 Qe5 43. Nf4 Qd4 44. Ne2 Qe5 45. Nf4 Rhg8 46. Rg2 a6
47. Rg1 Qd4 48. Rg2 b5 49. cxb5 axb5 50. Qe2 Rxf4+ 0-1

[Event "BL 8485 Erlangen-Solingen"]
[Site "?"]
[Date "1984.??.??"]
[Round "?.8"]
[White "Seyb, D."]
[Black "Borngaesser, R."]
[Result "1/2-1/2"]
[WhiteElo "2310"]
[BlackElo "2335"]
[PlyCount "68"]
[EventDate "1984.??.??"]

1. e4 e6 2. d4 d5 3. Nc3 Nf6 4. Bg5 Be7 5. e5 Nfd7 6. Bxe7 Qxe7 7. f4 O-O 8.
Nf3 c5 9. Qd2 Nc6 10. dxc5 Nxc5 11. O-O-O Rd8 12. Nd4 Bd7 13. Qe3 a6 14. g3 b5
15. Nxc6 Bxc6 16. Rg1 b4 17. Ne2 a5 18. Nd4 Be8 19. f5 a4 20. Bd3 a3 21. b3
exf5 22. Nxf5 Qa7 23. Kb1 Ne6 24. Qxa7 Rxa7 25. Be2 Ra5 26. Nd4 Rc5 27. Nxe6
fxe6 28. Rd4 Bg6 29. Bd1 Rc3 30. Re1 Rf8 31. Re2 Rb8 32. Kc1 Bf5 33. Kd2 Rbc8
34. Kc1 Rb8 1/2-1/2

[Event "BL 8485 Bamberg-Bochum"]
[Site "?"]
[Date "1984.??.??"]
[Round "?.1"]
[White "Heinbuch, D."]
[Black "Seppeur, R."]
[Result "1/2-1/2"]
[WhiteElo "2255"]
[BlackElo "2310"]
[PlyCount "127"]
[EventDate "1984.??.??"]

1. d4 Nf6 2. Nf3 g6 3. g3 Bg7 4. Bg2 O-O 5. O-O d6 6. c4 Nc6 7. Nc3 a6 8. Bd2
Rb8 9. Rc1 Bd7 10. b3 b5 11. d5 Na7 12. Be3 c5 13. dxc6 Nxc6 14. cxb5 axb5 15.
Nd4 Nxd4 16. Bxd4 Qa5 17. Rc2 e5 18. Be3 Bf5 19. Rc1 Rbc8 20. Qxd6 Rxc3 21. Bb6
Qxa2 22. Rxc3 Qxe2 23. Qd1 Qa2 24. h3 Be6 25. Re1 e4 26. Qb1 Qa6 27. Bd4 b4 28.
Rce3 Rd8 29. Qa1 Qxa1 30. Bxa1 h5 31. h4 Rd3 32. Bxf6 Bxf6 33. Bxe4 Rc3 34.
Rxc3 Bxc3 35. Rb1 Kg7 36. Kf1 Kf6 37. Ke2 Ke5 38. Kd3 f5 39. f4+ Kd6 40. Bf3
Kc5 41. Kc2 Kd4 42. Rd1+ Ke3 43. Rd3+ Kf2 44. Bc6 Bc8 45. Rf3+ Ke2 46. Rd3 Kf2
47. Be8 Bb7 48. Rd1 Be4+ 49. Kc1 Kxg3 50. Bxg6 Kxh4 51. Rg1 Bd4 52. Rg5 Be3+
53. Kb2 Bxf4 54. Rxh5+ Kg4 55. Be8 Bg5 56. Rh7 Bf6+ 57. Kc1 f4 58. Rc7 Bc3 59.
Bc6 Bd3 60. Rc8 Kg3 61. Rg8+ Kf2 62. Rf8 Ke3 63. Re8+ Kf2 64. Rf8 1/2-1/2

[Event "BL 8485 Bamberg-Bochum"]
[Site "?"]
[Date "1984.??.??"]
[Round "?.2"]
[White "Bartsch, B."]
[Black "Sehner, N."]
[Result "1/2-1/2"]
[WhiteElo "2265"]
[BlackElo "2315"]
[PlyCount "150"]
[EventDate "1984.??.??"]

1. e4 c5 2. Nc3 d6 3. g3 Nc6 4. Bg2 g6 5. d3 Bg7 6. Be3 b5 7. Qd2 b4 8. Nd1 Bb7
9. f4 Qd7 10. Nf3 e6 11. c3 Nge7 12. h4 f5 13. Nf2 bxc3 14. bxc3 Na5 15. O-O
O-O 16. e5 Rad8 17. c4 Nac6 18. Rab1 Ba8 19. exd6 Qxd6 20. Rb5 Nd4 21. Bxd4
Bxd4 22. Nxd4 Bxg2 23. Kxg2 Qxd4 24. Qe2 Rd6 25. Qe5 Qxe5 26. fxe5 Ra6 27. Rxc5
Rb8 28. Ra1 Rb2 29. a4 Nc6 30. Rd1 Nd4 31. a5 Rc6 32. Rxc6 Nxc6 33. d4 Ra2 34.
d5 exd5 35. cxd5 Nxe5 36. d6 Nd7 37. Re1 Rd2 38. Re8+ Nf8 39. Ra8 Rxd6 40. Rxa7
Nd7 41. a6 Kf7 42. Kf3 Ke6 43. Ra8 Ne5+ 44. Kf4 Rd4+ 45. Ke3 Rd7 46. h5 gxh5
47. Kf4 Kf6 48. a7 Rf7 49. Nd1 Nc6 50. Rb8 Rxa7 51. Rf8+ Ke6 52. Ne3 Ne7 53.
Rb8 Ra6 54. Kg5 Ke5 55. Rb7 Re6 56. Kxh5 Ke4 57. Ng2 Nd5 58. Nh4 f4 59. gxf4
Kxf4 60. Ra7 Nf6+ 61. Kh6 Kg4 62. Ra4+ Ne4+ 63. Kxh7 Kxh4 64. Kg7 Kh5 65. Ra5+
Ng5 66. Ra1 Rg6+ 67. Kf8 Rf6+ 68. Ke7 Rb6 69. Kd7 Kg6 70. Rf1 Ne4 71. Kc7 Re6
72. Rg1+ Kf7 73. Rf1+ Ke7 74. Re1 Re5 75. Kc6 Ke6 1/2-1/2

[Event "BL 8485 Bamberg-Bochum"]
[Site "?"]
[Date "1984.??.??"]
[Round "?.4"]
[White "Treppner, G."]
[Black "Beckemeyer, W."]
[Result "0-1"]
[WhiteElo "2300"]
[BlackElo "2325"]
[PlyCount "116"]
[EventDate "1984.??.??"]

1. d4 Nf6 2. Nf3 g6 3. c4 Bg7 4. Nc3 O-O 5. Bf4 d6 6. h3 c6 7. e4 Nbd7 8. Be2
Nh5 9. Be3 e5 10. Qd2 Qe7 11. dxe5 dxe5 12. Rd1 Nf4 13. O-O Nc5 14. Rfe1 Nce6
15. Bf1 Qf6 16. Kh2 g5 17. g3 Nxh3 18. Bxh3 Qxf3 19. Qe2 Qf6 20. Qh5 Qg6 21.
Qxg6 hxg6 22. Bxe6 Bxe6 23. Bxg5 Bxc4 24. Be7 Rfe8 25. Rd7 Rab8 26. Bc5 b6 27.
Be3 Ra8 28. a4 Bf8 29. Kg2 Re7 30. Red1 Be6 31. Rd8 Re8 32. Bg5 Kg7 33. Rxe8
Rxe8 34. Bd8 Bc5 35. a5 Bd4 36. Bc7 Re7 37. axb6 axb6 38. Bb8 Rb7 39. Bd6 Rd7
40. Bb8 b5 41. Rd2 f6 42. f4 exf4 43. gxf4 Be3 44. Rxd7+ Bxd7 45. Kf3 Bc1 46.
Nd1 c5 47. Bd6 c4 48. Bb4 Bc6 49. Bc3 Kf7 50. Nf2 f5 51. Be5 b4 52. Ke2 Bxe4
53. Nxe4 fxe4 54. Kd1 Be3 55. Bd6 b3 56. Be5 Ke6 57. Ke2 Bc5 58. Kd2 Bb4+ 0-1

[Event "BL 8485 Bamberg-Bochum"]
[Site "?"]
[Date "1984.??.??"]
[Round "?.5"]
[White "Sonntag, H."]
[Black "Ruehrig, V."]
[Result "0-1"]
[WhiteElo "2305"]
[BlackElo "2375"]
[PlyCount "82"]
[EventDate "1984.??.??"]

1. d4 d5 2. c4 e6 3. Nc3 c5 4. cxd5 exd5 5. Nf3 Nc6 6. g3 Nf6 7. Bg2 Be7 8. O-O
O-O 9. dxc5 Bxc5 10. Bg5 Be6 11. Rc1 Bb6 12. Na4 h6 13. Bxf6 Qxf6 14. Ne1 Rfe8
15. h3 Rad8 16. Nd3 Bc7 17. Nac5 Bc8 18. b4 b6 19. Na4 Ba6 20. Nab2 Be5 21. Qa4
Nd4 22. Rfe1 Bb5 23. Qd1 Nxe2+ 24. Qxe2 Bxb2 25. Qxb2 Rxe1+ 26. Rxe1 Bxd3 27.
Qxf6 gxf6 28. Re7 a6 29. Bf1 Bc4 30. Rc7 b5 31. a4 Bxf1 32. Kxf1 bxa4 33. Rc6
Rb8 34. Rxf6 a5 35. b5 Rxb5 36. Rf3 Rb3 37. Rf4 Rb4 38. Rf3 Rb3 39. Rf4 Rb4 40.
Rf3 Kg7 41. Rd3 d4 0-1

[Event "BL 8485 Bamberg-Bochum"]
[Site "?"]
[Date "1984.??.??"]
[Round "?.6"]
[White "Kestler, H."]
[Black "Ueter, H."]
[Result "1-0"]
[WhiteElo "2410"]
[BlackElo "2270"]
[PlyCount "57"]
[EventDate "1984.??.??"]

1. c4 g6 2. Nc3 Bg7 3. d4 c5 4. d5 d6 5. e4 Nf6 6. Nf3 O-O 7. Be2 Bg4 8. O-O e6
9. Bg5 h6 10. Bh4 g5 11. Bg3 exd5 12. cxd5 Nh5 13. Nd2 Bxe2 14. Qxe2 Nxg3 15.
hxg3 Nd7 16. Nc4 Ne5 17. Ne3 Ng6 18. Nf5 Qf6 19. Qh5 Ne7 20. Nxg7 Kxg7 21. f4
Ng6 22. e5 Qf5 23. Nb5 dxe5 24. Nd6 Qf6 25. fxe5 Qxe5 26. Nf5+ Kg8 27. Rae1
Qxb2 28. Re6 Rfe8 29. Nxh6+ 1-0

[Event "BL 8485 Solingen-Bamberg"]
[Site "?"]
[Date "1984.??.??"]
[Round "?.2"]
[White "Spassky, B."]
[Black "Bartsch, B."]
[Result "1-0"]
[WhiteElo "2590"]
[BlackElo "2265"]
[PlyCount "133"]
[EventDate "1984.??.??"]

1. e4 c5 2. Nc3 Nc6 3. Nge2 Nd4 4. Rb1 e5 5. Nxd4 cxd4 6. Nd5 Nf6 7. Bc4 Be7 8.
O-O O-O 9. d3 Nxd5 10. Bxd5 d6 11. c3 Be6 12. Qb3 Qd7 13. Bd2 Bxd5 14. Qxd5
dxc3 15. bxc3 b6 16. c4 Rac8 17. Qb5 Qxb5 18. Rxb5 f5 19. exf5 Rxf5 20. a4 Rf7
21. Re1 Bd8 22. Bb4 Rc6 23. Rd5 Bc7 24. f3 Rf6 25. Re4 Kf7 26. Kf2 Rh6 27. h3
Rg6 28. Rh4 Kg8 29. Rg4 Rxg4 30. hxg4 Kf7 31. Ke3 Ke6 32. g3 Bb8 33. Ke4 Rc8
34. f4 g6 35. fxe5 dxe5 36. Bc3 Rc5 37. Rd8 Bd6 38. Bb4 Rc6 39. Bxd6 Rxd6 40.
Re8+ Kd7 41. Rxe5 Rf6 42. a5 Rf1 43. axb6 axb6 44. Kd4 Kd6 45. Re3 Rf7 46. Re2
Rf3 47. Rg2 Rf7 48. Rh2 Rf3 49. Rg2 Rf7 50. Rb2 Kc6 51. Re2 Kd6 52. Re3 Rf1 53.
Kc3 h5 54. Kd4 Rd1 55. Rf3 Ke6 56. g5 Rg1 57. Rf6+ Ke7 58. Rxb6 Rxg3 59. Rxg6
Kf7 60. Rf6+ Ke7 61. Rh6 Rxg5 62. c5 Kf7 63. c6 Ke7 64. Kc4 Rg1 65. d4 Rc1+ 66.
Kd5 Ra1 67. Rh7+ 1-0

[Event "BL 8485 Solingen-Bamberg"]
[Site "?"]
[Date "1984.??.??"]
[Round "?.4"]
[White "Lau, R."]
[Black "Treppner, G."]
[Result "1/2-1/2"]
[WhiteElo "2400"]
[BlackElo "2300"]
[PlyCount "35"]
[EventDate "1984.??.??"]

1. e4 e5 2. Nf3 Nf6 3. Nxe5 d6 4. Nf3 Nxe4 5. d4 d5 6. Bd3 Be7 7. O-O Nc6 8.
Re1 Bg4 9. c3 f5 10. Nbd2 Qd6 11. Qc2 O-O 12. h3 Bh5 13. b4 a6 14. a4 g5 15.
Ba3 Qf4 16. Bc1 Qd6 17. Ba3 Qf4 18. Bc1 1/2-1/2

[Event "BL 8485 Solingen-Bamberg"]
[Site "?"]
[Date "1984.??.??"]
[Round "?.5"]
[White "Ruehrig, V."]
[Black "Borik, O."]
[Result "1-0"]
[WhiteElo "2375"]
[BlackElo "2370"]
[PlyCount "77"]
[EventDate "1984.??.??"]

1. Nf3 Nf6 2. d4 g6 3. c4 Bg7 4. Nc3 O-O 5. e4 d6 6. Be2 e5 7. O-O Nc6 8. d5
Ne7 9. b4 Nd7 10. Qb3 a5 11. Ba3 axb4 12. Bxb4 b6 13. a4 f5 14. a5 bxa5 15.
Rxa5 Rxa5 16. Bxa5 Nc5 17. Qb8 fxe4 18. Nd2 Na6 19. Qa7 e3 20. fxe3 Nf5 21. g4
Qg5 22. Nd1 Bh6 23. Bxc7 Nd4 24. exd4 Qxd2 25. Bxd6 Qxe2 26. Bxf8 Qxg4+ 27. Kh1
Bf5 28. Nf2 Qf3+ 29. Kg1 Bxf8 30. Qxa6 exd4 31. d6 Bd7 32. Rd1 Bc6 33. Kf1 Qg2+
34. Ke1 Bf3 35. c5 Qg1+ 36. Qf1 Qxh2 37. Qc4+ Kg7 38. Qxd4+ Kg8 39. Qc4+ 1-0

[Event "BL 8485 Solingen-Bamberg"]
[Site "?"]
[Date "1984.??.??"]
[Round "?.6"]
[White "Dueball, J."]
[Black "Kestler, H."]
[Result "1/2-1/2"]
[WhiteElo "2445"]
[BlackElo "2410"]
[PlyCount "101"]
[EventDate "1984.??.??"]

1. d4 Nf6 2. c4 d6 3. Nc3 e5 4. Nf3 Nbd7 5. e4 Be7 6. Be2 O-O 7. O-O c6 8. Rb1
Re8 9. b4 Bf8 10. d5 c5 11. a3 cxb4 12. axb4 a5 13. Ba3 axb4 14. Bxb4 b6 15.
Qc2 Nc5 16. Nd2 g6 17. Ra1 Bd7 18. Nb5 Qe7 19. f3 Bh6 20. g3 Bh3 21. Rfb1 Nh5
22. Nf1 f5 23. Nc3 Nf6 24. Bd3 Qd7 25. Bxc5 bxc5 26. Nd1 fxe4 27. Bxe4 Nxe4 28.
fxe4 Rxa1 29. Rxa1 Rf8 30. Nf2 Bg4 31. Nxg4 Qxg4 32. Re1 Qf3 33. Qe2 Qc3 34.
Rb1 Qd4+ 35. Kg2 Rf2+ 36. Qxf2 Qxe4+ 37. Qf3 Qxb1 38. Qe2 Kg7 39. h4 Bc1 40.
Nh2 h5 41. Nf3 Kh6 42. Ne1 e4 43. Nc2 e3 44. Nxe3 Qe4+ 45. Kf2 Qd4 46. Kf3 Qf6+
47. Kg2 Qe5 48. Kf3 Bb2 49. Nc2 Qf5+ 50. Kg2 Be5 51. Ne1 1/2-1/2